000 00779nam a2200205 a 4500
001 000025524
003 DO-SdBNP
005 20240412132058.0
008 110217s1983 dr r 000 0 spa d
040 _aDO-SdBNP
_bspa
_cBPMSU
082 4 _a972.9304
_bL864m 1983
_222
100 1 _aLópez Morillo, Adriano
_d1837-1913
245 1 0 _aMemorias sobre la segunda reincorporación de Santo Domingo a España /
_cAdriano López Morillo.
260 _aSanto Domingo :
_bSociedad Dominicana de Bibliófilos,
_fCorripio,
_c1983.
300 _av. :
_bil. ;
_c25 cm.
500 _aIncluye referencias bibliográficas y notas al pie de las páginas
651 4 _aRepública Dominicana
_xHistoria
_yAnexión a España 1861-1865
910 _aVMateo V. Control de calidad. BPMSU
942 _2ddc
_cBK
999 _c14626
_d14626